[Event "Titled Tuesday intern op 18th Jul Early"]
[Site "Chess.com INT"]
[Date "2023.07.18"]
[Round "6"]
[White "Zaichenko, Daria"]
[Black "Penagalapati, Abhinav"]
[Result "1-0"]
[WhiteElo "2104"]
[BlackElo "2264"]
[PlyCount "105"]
[EventDate "2023.07.18"]
[EventType "swiss (blitz)"]
[EventRounds "11"]
[EventCountry "USA"]
[SourceTitle "EXT 2024"]
[Source "ChessBase"]
[SourceDate "2023.10.10"]
[SourceVersion "1"]
[SourceVersionDate "2023.10.10"]
[SourceQuality "1"]

1. e4 Nf6 2. e5 Nd5 3. d4 d6 4. c4 Nb6 5. Nf3 g6 6. Nc3 Bg7 7. exd6 exd6 8. Be2 0-0 9. 0-0 Nc6 10. Be3 Re8 11. Qd2 Bg4 12. b3 Qd7 13. d5 Bxf3 14. Bxf3 Ne5 15. Be2 Nc8 16. Rac1 Ne7 17. f3 Nf5 18. Bf2 f6 19. f4 Nf7 20. Bd3 Ne7 21. Rce1 a6 22. Bd4 Nf5 23. Bf2 Rxe1 24. Rxe1 Kf8 25. g4 Ne7 26. h3 Re8 27. Re6 Nd8 28. Re2 Ng8 29. Bd4 Nf7 30. Ne4 Nd8 31. Qb2 Qf7 32. g5 f5 33. Ng3 Rxe2 34. Nxe2 h6 35. h4 hxg5 36. hxg5 Qe7 37. Kf2 b6 38. b4 Nb7 39. a4 a5 40. Bxg7+ Qxg7 41. Qb3 axb4 42. Qxb4 Nc5 43. Bc2 Ne7 44. a5 bxa5 45. Qb8+ Kf7 46. Qxc7 Qb2 47. Qxd6 Qxc2 48. Qxc5 a4 49. d6 Ng8 50. d7 Qd3 51. Qc6 Ne7 52. Qf6+ Kg8 53. Qxe7 1-0

[Event "Sunnyvale Independence Day op"]
[Site "Sunnyvale"]
[Date "2023.07.02"]
[Round "4"]
[White "Gonzalez Galvan, Juan Manuel"]
[Black "Penagalapati, Abhinav"]
[Result "0-1"]
[WhiteElo "2184"]
[BlackElo "2264"]
[PlyCount "78"]
[EventDate "2023.06.30"]
[EventType "swiss"]
[EventRounds "9"]
[EventCountry "USA"]
[SourceTitle "EXT 2024"]
[Source "ChessBase"]
[SourceDate "2023.10.10"]
[SourceVersion "1"]
[SourceVersionDate "2023.10.10"]
[SourceQuality "1"]

1. e4 c5 2. Nc3 Nc6 3. Bb5 Nd4 4. Bc4 g6 5. Nf3 Bg7 6. 0-0 e6 7. Nxd4 cxd4 8. Nb5 d5 9. exd5 exd5 10. Bxd5 Ne7 11. Bb3 a6 12. Na3 0-0 13. d3 b5 14. Re1 Nd5 15. Qf3 Bb7 16. Bd2 Qd7 17. Qh3 Qxh3 18. gxh3 Rfe8 19. Re4 Ne7 20. Re2 Bf3 21. Ree1 Nf5 22. Rxe8+ Rxe8 23. Re1 Rc8 24. Bf4 Bf8 25. Nb1 Bc6 26. c3 Nh4 27. Re2 Nf3+ 28. Kf1 Bd7 29. Kg2 Bc6 30. Kf1 g5 31. Bg3 Bd7 32. Kg2 Bc6 33. Kf1 dxc3 34. bxc3 b4 35. Bc4 a5 36. cxb4 Bxb4 37. a3 Bc5 38. Rc2 Bd7 39. d4 Bxh3+ 0-1

[Event "PNWCC vs Europe Hybrid 05"]
[Site "Chess.com INT"]
[Date "2022.05.08"]
[Round "3"]
[White "Georgiev, Krum"]
[Black "Penagalapati, Abhinav"]
[Result "1/2-1/2"]
[WhiteElo "2307"]
[BlackElo "2199"]
[PlyCount "61"]
[EventDate "2022.05.07"]
[EventType "team-tourn"]
[EventRounds "4"]
[EventCountry "USA"]
[SourceTitle "EXT 2023"]
[Source "ChessBase"]
[SourceDate "2022.10.05"]
[SourceVersion "1"]
[SourceVersionDate "2022.10.05"]
[SourceQuality "1"]
[WhiteTeam "Europe"]
[BlackTeam "PNWCC"]
[BlackTeamCountry "USA"]

1. e4 c5 2. Nf3 d6 3. c3 Nf6 4. Be2 g6 5. 0-0 Bg7 6. Bb5+ Bd7 7. Bxd7+ Nbxd7 8. Re1 e5 9. d4 0-0 10. dxe5 Nxe5 11. Nxe5 dxe5 12. Qe2 Qc7 13. c4 Nd7 14. Nc3 Rae8 15. Nb5 Qb6 16. Be3 a6 17. Nc3 Qc7 18. Rad1 f5 19. Qd3 Rf7 20. f3 f4 21. Bf2 Bf8 22. g4 fxg3 23. hxg3 Nb8 24. Nd5 Qc8 25. Kg2 Nc6 26. Rf1 Qe6 27. Be3 h6 28. Rf2 g5 29. Rh1 Qg6 30. g4 Nd4 31. Rh3 1/2-1/2

[Event "US Masters"]
[Site "Charlotte"]
[Date "2021.11.24"]
[Round "1"]
[White "Penagalapati, Abhinav"]
[Black "Mishra, Abhimanyu"]
[Result "0-1"]
[WhiteElo "2154"]
[BlackElo "2517"]
[PlyCount "80"]
[EventDate "2021.11.24"]
[EventType "swiss"]
[EventRounds "9"]
[EventCountry "USA"]
[SourceTitle "CBM 205 Extra"]
[Source "ChessBase"]
[SourceDate "2022.01.31"]
[SourceVersion "1"]
[SourceVersionDate "2022.01.31"]
[SourceQuality "1"]

1. d4 d5 2. c4 c6 3. Nf3 Nf6 4. g3 Bf5 5. Bg2 e6 6. Nh4 Be4 7. f3 Bxb1 8. Rxb1 Qa5+ 9. Bd2 Bb4 10. f4 Bxd2+ 11. Qxd2 Qxa2 12. Rc1 0-0 13. c5 b6 14. 0-0 bxc5 15. Rxc5 Nbd7 16. Rxc6 Rab8 17. Rc2 Nb6 18. b4 Qb3 19. Rf3 Qa4 20. Ra2 Qd7 21. Rf1 Nc4 22. Qc3 Rfc8 23. Rfa1 Nd6 24. Qd3 Rc7 25. Nf3 Rxb4 26. Ne5 Qe7 27. Ra6 Rb6 28. Qa3 Rxa6 29. Qxa6 Nf5 30. Qd3 g6 31. Rb1 Rb7 32. Rc1 Qb4 33. e3 h5 34. h3 Kg7 35. g4 Nd6 36. Qc3 a5 37. Nc6 Qxc3 38. Rxc3 Rc7 39. Rc5 Nd7 40. Rc2 Rc8 0-1

[Event "PNWCC-Pirot Hybrid m4"]
[Site "Chess.com INT"]
[Date "2021.11.14"]
[Round "3"]
[White "Zlatanovic, Boroljub"]
[Black "Penagalapati, Abhinav"]
[Result "1-0"]
[WhiteElo "2330"]
[BlackElo "2154"]
[PlyCount "61"]
[EventDate "2021.11.13"]
[EventType "team-match"]
[EventRounds "4"]
[EventCountry "USA"]
[SourceTitle "CBM 205 Extra"]
[Source "ChessBase"]
[SourceDate "2022.01.31"]
[SourceVersion "1"]
[SourceVersionDate "2022.01.31"]
[SourceQuality "1"]
[WhiteTeam "Pirot"]
[BlackTeam "PNWCC"]
[WhiteTeamCountry "SRB"]
[BlackTeamCountry "USA"]

1. e4 c5 2. g3 Nc6 3. Bg2 g6 4. d3 Bg7 5. c4 d6 6. Nc3 e5 7. Be3 Nge7 8. Qd2 Nd4 9. Nce2 Nec6 10. Nxd4 Nxd4 11. Ne2 Bg4 12. Nxd4 cxd4 13. Bh6 Bxh6 14. Qxh6 Qa5+ 15. Qd2 Qxd2+ 16. Kxd2 Ke7 17. Rhf1 Bd7 18. f4 f6 19. b4 b5 20. cxb5 Bxb5 21. Bh3 Rab8 22. a4 Bd7 23. Bxd7 Kxd7 24. b5 Ke7 25. Rfc1 Rhc8 26. fxe5 fxe5 27. Rxc8 Rxc8 28. Rc1 Rxc1 29. Kxc1 Kd7 30. a5 Kc7 31. Kc2 1-0